000 00265nam a2200109Ia 4500
005 20251222144812.0
008 251222s9999||||xx |||||||||||||| ||spa||
082 _a278.05/D79
245 0 _aProblemas del gobierno de las religiosas
264 _bCoculsa
942 _cLIB
999 _c20141
_d20141